| 000 | 00534nam a2200193Ia 4500 | ||
|---|---|---|---|
| 005 | 20260429112227.0 | ||
| 008 | 260429s9999||||xx |||||||||||||| ||und|| | ||
| 020 | _a9789392262913 | ||
| 041 | _aEnglish | ||
| 082 |
_a153.6 _bSHA |
||
| 100 | _aSharma, Sandeep | ||
| 245 | 0 |
_aSkillful communication : _bfrom self-development to leadership / _cSandeep Sharma |
|
| 260 |
_aJaipur : _bBook Enclave, _c2024. |
||
| 300 | _avi, 271 p.; hb | ||
| 650 | _a Communication | ||
| 650 | _a Intelligence | ||
| 650 | _aPsychology | ||
| 942 | _cTB | ||
| 999 |
_c53001 _d53001 |
||